| 000 | 01172nam a2200313Ia 4500 | ||
|---|---|---|---|
| 001 | Para_5719 | ||
| 003 | CHAP | ||
| 008 | 220125s2001 xx 000 0 und d | ||
| 010 | _a204149 | ||
| 040 | _cCHAP | ||
| 090 | _aPA TESIS 1609 | ||
| 100 |
_aCanul Caamal, Andrés Antonio _918547 |
||
| 245 |
_aDeterminación de parasitoides y porcentaje de parasitismo de mosquita blanca (Homoptera : _b Aleyrodidae), en cinco variedades de jitomate (Lycopersicon esculentum Mill.), en invernadero en Chapingo, México) por Andrés Antonio Canul Caamal |
||
| 260 |
_aChapingo, Méx. : _b el autor |
||
| 300 | _a80 h. | ||
| 502 | _aTesis (Ing. Agr. Esp. en Parasitología Agrícola) -- UACh. Departamento Parasitología Agrícola | ||
| 650 |
_aBemisia tabaci _911496 |
||
| 650 |
_aHomopteros _956067 |
||
| 650 |
_aTomate _x plagas _9113748 |
||
| 650 |
_aTomate _x variedades resistentes a plagas _9113779 |
||
| 710 |
_aUACh. Departamento Parasitología Agrícola _9164025 |
||
| 901 | _aPA TESIS 1609 | ||
| 902 | _aA | ||
| 905 | _a0000002001 an 0000000000 00 | ||
| 910 | _a2001 | ||
| 942 | _cPARA | ||
| 942 |
_cPARA _d1 |
||
| 999 |
_c204149 _d204149 |
||